Pays et Capitales du Monde sans voyelles (Aléatoire) - Statistiques

Statistiques générales
  • Ce quiz a été pris 141 fois
  • Le résultat moyen est 15 sur 20
Statistiques - réponses
Indices Pays et/ou Capitales % Correct
b Db Abou Dabi
100%
fghnstn Afghanistan
100%
llmgn Allemagne
100%
mstrdm Amsterdam
100%
ngl Angola
100%
nkr Ankara
100%
ntg-t-Brbd Antigua-et-Barbuda
100%
rgntn Argentine
100%
thns Athènes
100%
zrbdjn Azerbaïdjan
100%
Bgdd Bagdad
100%
Bhms Bahamas
100%
Bhrn Bahreïn
100%
Bmk Bamako
100%
Bngkk Bangkok
100%
Bngldsh Bangladesh
100%
Brbd Barbade
100%
Blgrd Belgrade
100%
Blz Belize
100%
Bnn Bénin
100%
Bhtn Bhoutan
100%
Bchkk Bichkek
100%
Blrss Biélorussie
100%
Brmn Birmanie
100%
Blv Bolivie
100%
Bsn-Hrzgvn Bosnie-Herzégovine
100%
Btswn Botswana
100%
Brsl Brasilia / Brésil
100%
Brtslv Bratislava
100%
Brzzvll Brazzaville
100%
Bdpst Budapest
100%
Bns rs Buenos Aires
100%
Brkn Fs Burkina Faso
100%
Cmbdg Cambodge
100%
Cp-Vrt Cap-Vert
100%
Chl Chili
100%
Chn Chine
100%
Chpr Chypre
100%
Cdd d l Pz Ciudad de la Paz
100%
Clmb Colombie
100%
Cpnhg Copenhague
100%
Cr d Nrd Corée du Nord
100%
Cr d Sd Corée du Sud
100%
Cst Rc Costa Rica
100%
Ct d'vr Côte d'Ivoire
100%
Cb Cuba
100%
Dnmrk Danemark
100%
Djbt Djibouti
100%
Ddm Dodoma
100%
Dmnq Dominique
100%
Dbln Dublin
100%
thp Éthiopie
100%
Fdj Fidji
100%
Fnlnd Finlande
100%
Frnc France
100%
Gbn Gabon
100%
Gmb Gambie
100%
Grg Géorgie
100%
Ghn Ghana
100%
Grc Grèce
100%
Gtml Guatemala
100%
Ht Haïti
100%
Hrr Harare
100%
Hlsnk Helsinki
100%
Hndrs Honduras
100%
Hngr Hongrie
100%
ls Mrshll Îles Marshall
100%
ndns Indonésie
100%
slmbd Islamabad
100%
Jkrt Jakarta
100%
Jmq Jamaïque
100%
Jpn Japon
100%
Jrslm Jérusalem
100%
Jrdn Jordanie
100%
Kmpl Kampala
100%
Ktmnd Katmandou
100%
Kzkhstn Kazakhstan
100%
Kv Kiev
100%
Kngstn Kingston
100%
Kngstwn Kingstown
100%
Krghzstn Kirghizistan
100%
Ksv Kosovo
100%
Kwt Koweït
100%
L Pz La Paz
100%
Lttn Lettonie
100%
Lbn Liban
100%
Lbr Liberia
100%
Lbrvll Libreville
100%
Lchtnstn Liechtenstein
100%
Llngw Lilongwe
100%
Lsbnn Lisbonne
100%
Ljbljn Ljubljana
100%
Lxmbrg Luxembourg
100%
Mcdn d Nrd Macédoine du Nord
100%
Mdgscr Madagascar
100%
Mdrd Madrid
100%
Mlt Malte
100%
Mxq Mexique
100%
Mldv Moldavie
100%
Mnc Monaco
100%
Mngl Mongolie
100%
Mntngr Monténégro
100%
Mntvd Montevideo
100%
Msc Moscou
100%
Mzmbq Mozambique
100%
Npl Népal
100%
Nw Dlh New Delhi
100%
Ncrg Nicaragua
100%
Ngr Niger / Nigeria
100%
Nrvg Norvège
100%
Pkstn Pakistan
100%
Pps-Nvll-Gn Papouasie-Nouvelle-Guinée
100%
Prg Paraguay / Prague
100%
Prmrb Paramaribo
100%
Ps-Bs Pays-Bas
100%
Pr Pérou / Praia
100%
Phlppns Philippines
100%
Pdgrc Podgorica
100%
Plgn Pologne
100%
Prt-d'spgn Port-d'Espagne
100%
Prt-Ls Port-Louis
100%
Prt Mrsb Port Moresby
100%
Prtgl Portugal
100%
Prstn Pristina
100%
Pngng Pyongyang
100%
Qtr Qatar
100%
Rbt Rabat
100%
Rpblq Cntrfrcn République Centrafricaine
100%
Rpblq Dmcrtq d Cng République Démocratique du Congo
100%
Rpblq Dmncn République Dominicaine
100%
Rpblq d Cng République du Congo
100%
Rpblq Tchq République Tchèque
100%
Rkjvk Reykjavik
100%
Rg Riga
100%
Rm Rome
100%
Rmn Roumanie
100%
Rss Russie
100%
Snt-Dmng Saint-Domingue
100%
Snt-Lc Sainte-Lucie
100%
Snt Jhn's Saint John's
100%
Snt-Mrn Saint-Marin
100%
Snt-Vncnt-t-ls-Grndns Saint-Vincent-et-les-Grenadines
100%
Slvdr Salvador
100%
Sn Js San José
100%
Sn Slvdr San Salvador
100%
S Tm-t-Prncp São Tomé-et-Principe
100%
Sngl Sénégal
100%
Schlls Seychelles
100%
Sngpr Singapour
100%
Skpj Skopje
100%
Slvn Slovénie
100%
Sdn d Sd Soudan du Sud
100%
Sr Lnk Sri Lanka
100%
Stckhlm Stockholm
100%
Sv Suva
100%
Tdjkstn Tadjikistan
100%
Twn Taïwan
100%
Tnzn Tanzanie
100%
Tblss Tbilissi
100%
Tchd Tchad
100%
Thlnd Thaïlande
100%
Thmph Thimphou
100%
Tmr rntl Timor Oriental
100%
Tg Togo
100%
Trpl Tripoli
100%
Tns Tunis / Tunisie
100%
Trkmnstn Turkménistan
100%
Trq Turquie
100%
Tvl Tuvalu
100%
Vdz Vaduz
100%
Vrsv Varsovie
100%
Vtcn Vatican
100%
Vnzl Venezuela
100%
Vt Nm Viêt Nam
100%
Wshngtn D.C. Washington D.C.
100%
Zgrb Zagreb
100%
Zmb Zambie
100%
Zmbbw Zimbabwe
100%
Nvll-Zlnd Nouvelle-Zélande
88%
Snt-Grgs Saint-Georges
88%
Lndrs Londres
86%
Srjv Sarajevo
86%
Blgq Belgique
83%
Dh Doha
83%
Mls Malaisie
83%
Mlw Malawi
83%
zbkstn Ouzbékistan
83%
dds-bb Addis-Abeba
80%
Bgt Bogota
80%
Crcs Caracas
80%
srl Israël
80%
Mpt Maputo
80%
Nrb Nairobi
80%
ttw Ottawa
80%
Phnm Pnh Phnom Penh
80%
Qt Quito
80%
Rwnd Rwanda
80%
Srb Serbie
80%
Tchknt Tachkent
80%
Wllngtn Wellington
80%
chgbt Achgabat
75%
Bndr Sr Bgwn Bandar Seri Begawan
75%
Bsstrr Basseterre
75%
Blmpn Belmopan
75%
Brdgtwn Bridgetown
75%
Bcrst Bucarest
75%
Cnd Canada
75%
Cmrs Comores
75%
Dkr Dakar
75%
Dms Damas
75%
swtn Eswatini
75%
Krbt Kiribati
75%
Ls Laos
75%
L Vltt La Valette
75%
Mnsk Minsk
75%
Prt--Prnc Port-au-Prince
75%
Srnm Suriname
75%
Tp Taipei
75%
Tgcglp Tegucigalpa
75%
Tng Tonga
75%
Trnt-t-Tbg Trinité-et-Tobago
75%
Vnn Vienne
75%
bj Abuja
67%
ndrr-l-Vll Andorre-la-Vieille
67%
ntnnrv Antananarivo
67%
Brln Berlin
67%
Brnd Burundi
67%
Crt Croatie
67%
gpt Égypte
67%
rvn Erevan
67%
Gn-Bss Guinée-Bissau
67%
Gn qtrl Guinée Équatoriale
67%
ls Slmn Îles Salomon
67%
rlnd Irlande
67%
Kn Kenya
67%
Kl Lmpr Kuala Lumpur
67%
L Hvn La Havane
67%
Lsth Lesotho
67%
Ltn Lituanie
67%
Mjr Majuro
67%
Mldvs Maldives
67%
Mnll Manille
67%
Mbbn Mbabane
67%
Nmb Namibie
67%
Pnm Panama
67%
Prs Paris
67%
Prt-Vl Port-Vila
67%
Snt-Chrstph-t-Nvs Saint-Christophe-et-Niévès
67%
Sm Samoa
67%
Slvq Slovaquie
67%
Tllnn Tallinn
67%
Dcc Dacca
60%
Kbl Kaboul
60%
Msct Mascate
60%
Trw-Sd Tarawa-Sud
60%
Wndhk Windhoek
60%
spgn Espagne
57%
ndrr Andorre
50%
stn Astana / Estonie
50%
sncn Asunción
50%
trch Autriche
50%
Bng Bangui
50%
Chșn Chișinău
50%
Dchnb Douchanbé
50%
tts Fdrs d Mcrns États Fédérés de Micronésie
50%
tts-ns États-Unis
50%
Fnft Funafuti
50%
Gn Guinée / Guyana
50%
nd Inde / Yaoundé
50%
rk Irak
50%
tl Italie
50%
Kgl Kigali
50%
Knshs Kinshasa
50%
Lm Lima / Lomé
50%
Mnm Manama
50%
Mrtn Mauritanie
50%
Nr Nauru
50%
Nkchtt Nouakchott
50%
sl Oslo
50%
ln-Btr Oulan-Bator
50%
Pkn Pékin
50%
Sntg Santiago
50%
Srr Ln Sierra Leone
50%
Sf Sofia
50%
Sdn Soudan
50%
Sr Jwrdnpr Ktt Sri Jayawardenapura Kotte
50%
Sss Suisse
50%
Sr Syrie
50%
Thrn Téhéran
50%
Vnt Vanuatu
50%
Vlns Vilnius
50%
msskr Yamoussoukro
50%
Vntn Vientiane
43%
lbn Albanie
40%
Bnjl Banjul
40%
Mng Managua
40%
Mgdsc Mogadiscio
40%
gdg Ouagadougou
40%
Prt-Nv Porto-Novo
40%
Tk Tokyo
40%
lgr Alger / Algérie
33%
Bk Bakou
33%
Brth Beyrouth
33%
Cnbrr Canberra
33%
Dl Dili
33%
mrts rbs ns Émirats Arabes Unis
33%
rthr Érythrée
33%
Gbrn Gaborone
33%
Lb Libye
33%
Lsk Lusaka
33%
Ml Malé / Mali
33%
Msr Maseru
33%
N'Djmn N'Djaména
33%
Plkr Palikir
33%
Rs Roseau
33%
Rm-n Royaume-Uni
33%
S Tm São Tomé
33%
ccr Accra
29%
Lnd Luanda
29%
Hn Hanoï
25%
rn Iran / Yaren
25%
Sn Sanaa
25%
Trn Tirana
25%
krn Ukraine
25%
rmn Arménie
20%
smr Asmara
20%
strl Australie
20%
qtr Équateur
20%
Rd Riyad
20%
Vctr Victoria
20%
Bss Bissau
17%
Hnr Honiara
17%
Npdw Naypyidaw
17%
Nm Niamey
17%
frq d Sd Afrique du Sud
0%
mmn Amman
0%
p Apia
0%
rb Sdt Arabie Saoudite
0%
Brn Berne / Brunei
0%
Brxlls Bruxelles
0%
Blgr Bulgarie
0%
Cmrn Cameroun
0%
Cstrs Castries
0%
Cnkr Conakry
0%
Djb Djouba
0%
Frtwn Freetown
0%
Grgtwn Georgetown
0%
Gtg Gitega
0%
Grnd Grenade
0%
slnd Islande
0%
Khrtm Khartoum
0%
L Cr Le Caire
0%
Mrc Maroc / Maurice
0%
Mxc Mexico
0%
Mnrv Monrovia
0%
Mrn Moroni
0%
Nss Nassau
0%
Ngrlmd Ngerulmud
0%
Ncs Nicosie
0%
Nk'lf Nuku'alofa
0%
mn Oman / Yémen
0%
gnd Ouganda
0%
Pls Palaos
0%
Prtr Pretoria
0%
Sl Séoul
0%
Sml Somalie
0%
Sd Suède
0%
rg Uruguay
0%
Aucun quiz correspondant
Distribution des résultats
% des personnes avec chaque résultat
Percentile par nombre de réponses
Votre historique - résultats
Vous n’avez pas pris ce quiz